The Negotiable Instruments Act, 1881 ( 26 of 1881) / (Record no. 3245)

MARC details
000 -LEADER
fixed length control field 00579nam a2200157 a 4500
005 - DATE AND TIME OF LATEST TRANSACTION
control field 20260112063302.0
039 ## - LEVEL OF BIBLIOGRAPHIC CONTROL AND CODING DETAIL [OBSOLETE]
Level of rules in bibliographic description 202110281255
Level of effort used to assign nonsubject heading access points staff
Level of effort used to assign subject headings 201210250055
Level of effort used to assign classification staff
Level of effort used to assign subject headings 201010130338
Level of effort used to assign classification staff
-- 201010070455
-- staff
082 ## - DEWEY DECIMAL CLASSIFICATION NUMBER
Classification number 651.3
Item number GOI [ Shelf 38 ]
245 ## - TITLE STATEMENT
Title The Negotiable Instruments Act, 1881 ( 26 of 1881) /
Statement of responsibility, etc. Government of India
260 ## - PUBLICATION, DISTRIBUTION, ETC.
Place of publication, distribution, etc. Delhi :
Name of publisher, distributor, etc. Universal Law Publishing Co. Pvt. Ltd,
Date of publication, distribution, etc. 2008
300 ## - PHYSICAL DESCRIPTION
Extent 54p.
650 ## - SUBJECT ADDED ENTRY--TOPICAL TERM
Topical term or geographic name entry element The Negotiable instruments Act
Chronological subdivision 1881
Geographic subdivision India
991 ## -
-- VIRTUA40
991 ## -
-- VTLSSORT0080*0820*2450*2600*3000*6500*9992
909 ## -
-- 3666
Holdings
Withdrawn status Lost status Damaged status Not for loan Home library Current library Date acquired Total checkouts Full call number Barcode Copy number Koha item type
        Indian Institute Of Management, Shillong Indian Institute Of Management, Shillong 13/10/2010   651.3 GOI [ Shelf 38 ] 0006124   Reference
Copyright © 2026 Indian Institute of Management Shillong. All Rights Reserved.